000 00601nam a22002177a 4500
003 UA-OsUOA
001 40305
007 ta
008 20060724b un ||||| |||| 00| 0 ukr d
090 _a7
_bС81
942 _cBK
040 _aUA-OsUOA
_brus
_cUA-OsUOA
_dUA-OsUOA
245 _aСто памятных дат
_bХудожественный календарь на 1989 год
300 _a376 с.
955 _a3
041 _arus
080 _a7
260 _aМ.
_bСовесткий художник
_c1988
650 7 _a7 Мистецтво. Ігри. Спорт.
_2UDC
999 _c326449
_d326449